000 00609cam a22002291 4500
001 6129196
005 20180206093142.0
008 731126s1966 xx 000 0 eng
010 _a 66012868
035 _a(OCoLC)748500
040 _aDLC
_cODaU
_dDLC
041 _aeng
042 _apremarc
080 _a808.51 BLA
082 _a808.51 BLA
100 1 _a47
101 _aEDU
245 1 0 _aSelected readings in public speaking,
_cedited by Jane Blankenship and Robert Wilhoit.
504 _aBibliography: p. 259-264.
906 _a7
_bcbc
_coclcrpl
_du
_encip
_f19
_gy-gencatlg
942 _2ddc
_cBK
999 _c41956
_d41956